| 000 | 01198nam a2200325 i 4500 | ||
|---|---|---|---|
| 001 | 41492 | ||
| 003 | KOSZ 005 | ||
| 005 | 20220627122432.0 | ||
| 008 | 020316s2002 pl a |001 0 pol | ||
| 015 | _aPB 2002/4463 | ||
| 020 | _a8386846690 | ||
| 040 |
_aWA N _cWA N _dKOSZ 005/HR |
||
| 046 | _k2002 | ||
| 080 | _a338.1(438)"1989/..." | ||
| 080 | _a(06) | ||
| 245 | 0 | 0 |
_aRozwój polskiej gospodarki : _bperspektywy i uwarunkowania / _cGrzegorz W. Kołodko red. nauk. |
| 260 |
_aWarszawa : _bWydaw. Wyższej Szkoły Przedsiębiorczości i Zarządzania im. Leona Koźmińskiego, _c2002. |
||
| 300 |
_a281 s. : _bil. ; _c25 cm. |
||
| 380 | _aKsiążki | ||
| 388 | _a2001- | ||
| 504 | _aBibliogr. przy rozdz. Indeks. | ||
| 650 | 7 | _aPolityka gospodarcza | |
| 651 | 4 | _aPolska | |
| 655 | 4 | _aMateriały konferencyjne | |
| 658 | _aGospodarka, ekonomia, finanse | ||
| 700 | 1 |
_aKołodko, Grzegorz W. _d(1949- ) _eAutor |
|
| 710 | _aWydawnictwo Wyższej Szkoły Przedsiębiorczości i Zarządzania im. Leona Koźmińskiego | ||
| 856 |
_uhttp://koha.tu.koszalin.pl/cgi-bin/koha/opac-detail.pl?biblionumber=41492 _yKatalog online BPK |
||
| 942 |
_2UKD _cKS |
||
| 999 |
_c41492 _d41492 |
||